Natural sources of energy / (Record no. 71842)
[ view plain ]
| 000 -LEADER | |
|---|---|
| campo de control de longitud fija | 00437nam a2200157 i 4500 |
| 001 - NÚMERO DE CONTROL | |
| campo de control | 71842 |
| 003 - IDENTIFICADOR DE NÚMERO DE CONTROL | |
| campo de control | ES-MaACL |
| 005 - FECHA Y HORA DE LA ÚLTIMA TRANSACCIÓN | |
| campo de control | 20230906171238.0 |
| 007 - CAMPO FIJO DE DESCRIPCIÓN FÍSICA--INFORMACIÓN GENERAL | |
| campo de control de longitud fija | t| |
| 008 - DATOS DE LONGITUD FIJA--INFORMACIÓN GENERAL | |
| campo de control de longitud fija | 040819s1913 xxu ||||1| eng d |
| 100 1# - ENTRADA PRINCIPAL--NOMBRE DE PERSONA | |
| Nombre de persona | Gibson, A. H. |
| 9 (RLIN) | 56660 |
| 245 10 - MENCIÓN DEL TÍTULO | |
| Título | Natural sources of energy / |
| Mención de responsabilidad, etc. | by A.H. Gibson. |
| 260 ## - PUBLICACIÓN, DISTRIBUCIÓN, ETC. | |
| Lugar de publicación, distribución, etc. | Cambridge : |
| Nombre del editor, distribuidor, etc. | [s.n., |
| Fecha de publicación, distribución, etc. | 1913] ( |
| Fabricante | John Clay) |
| 300 ## - DESCRIPCIÓN FÍSICA | |
| Extensión | VI, 131 p., 4 lám. : |
| Otras características físicas | il. ; |
| Dimensiones | 17 cm. |
| 852 ## - LOCALIZACIÓN | |
| Ubicación | ES-MaACL |
| Número de control de estantería | D-3313 |
| Estatus retirado | Estado de pérdida | Estado de daño | No para préstamo | Biblioteca de origen | Biblioteca actual | Ubicación en estantería | Fecha de adquisición | Fuente de adquisición | Total de préstamos | Signatura topográfica completa | Código de barras | Visto por última vez | Precio de reemplazo | Tipo de ítem Koha |
|---|---|---|---|---|---|---|---|---|---|---|---|---|---|---|
| Biblioteca del Ateneo de Madrid | Biblioteca del Ateneo de Madrid | Sala Valle Inclán | 17/01/2008 | D-3313 | 901075210 | 23/02/2023 | 23/02/2023 | Libro impreso |
